| 000 | 00658nam a2200205Ii 4500 | ||
|---|---|---|---|
| 003 | JO-AjNU | ||
| 008 | 230605s9999||||xx |||||||||||||| ||und|| | ||
| 040 |
_aJO-AjNU _bara _erda _cJO-AjNU |
||
| 041 | _aara | ||
| 050 | 1 | 4 | _aBP77.5.1989 |
| 100 | 3 |
_aالعليلي، موسى بناي, _eauthor _936627 |
|
| 245 | 0 | 0 | _aالهجرة والنصرة في القرآن الكريم |
| 250 | _aط1 | ||
| 264 | 3 | 1 | _aبيروت:الدار العربية للموسوعات ،1989 |
| 300 | _a164ص | ||
| 336 |
_atext _btxt _2rdacontent |
||
| 337 |
_aunmediated _bn _2rdamedia |
||
| 338 |
_avolume _bnc _2rdacarrier |
||
| 650 | 4 |
_aالهجرة النبوية _936628 |
|
| 999 |
_aA15234 _c18802 _d18802 |
||